00443pab a2200133 454500008004000000100002000040245013600060260000900196300001200205362001100217650002900228700001800257773003400275180718b2002 xxu||||| |||| 00| 0 eng d aJasparro, Chris aEnvironmental security and ingenuity in the pacific: case studies of local biodiversity protection and regional fisherie management c2002 ap.1-17. aSpring aEnvironmental management aShibuya, Eric aRegional Development Dialogue